Guess the Taylor Swift Song (no hints) 80 - Statistics

General Stats
  • This quiz has been taken 130 times
    74 since last reset
  • The average score is 303 of 405
Answer Stats
Answer % Correct
I
100%
"I
100%
a
98%
the
98%
The
98%
you
98%
You
98%
(you
98%
I'm
95%
your
95%
in
93%
it
93%
love
93%
love,
93%
we
93%
and
90%
And
90%
by
90%
me
90%
on
90%
to
90%
you're
90%
my
88%
My
88%
when
88%
it's
85%
It's
85%
(it's
85%
no
85%
No,
85%
no,
85%
of
85%
that
85%
thin
85%
be
83%
but
83%
But
83%
is
83%
Is
83%
like
83%
this
83%
was
83%
all
80%
'Cause
80%
don't
80%
for
80%
say,
80%
They
80%
cut
78%
death
78%
I'll
78%
know"
78%
not
78%
thousand
78%
too
78%
up
78%
what
78%
get
75%
if
75%
just
75%
am
73%
baby
73%
cuts
70%
cuts)
70%
didn't
70%
ok
70%
Our
70%
our
70%
time
70%
time,
70%
wasn't
70%
Why
70%
hand
68%
One
68%
see
68%
take
68%
them
68%
find
65%
look
65%
right
65%
right,
65%
bad
63%
can't
63%
Even
63%
from
63%
goodbye
63%
heart,
63%
said
63%
Saying
63%
saying
63%
stand
63%
body,
60%
drunk,
60%
drunk
60%
enough
60%
enough,
60%
here
60%
now
60%
Now
60%
only
60%
part
60%
spirit,
60%
still
60%
thing
60%
through
60%
touch
60%
touch)
60%
trust
60%
way
60%
home
58%
it'll
58%
long
58%
once
58%
ours
58%
though
58%
Trying
58%
windows
58%
with
58%
ask
55%
comes
55%
country,
55%
Flashbacks
55%
hips,
55%
lights
55%
morning
55%
one's
55%
over
55%
Paper
55%
paper
55%
plans
55%
pretend
55%
united
55%
ages
53%
drug
53%
Gave
53%
guess
53%
land
53%
lawless
53%
songs,
53%
traffic
53%
waking
53%
wine,
53%
fears
50%
haunted
50%
much
50%
pages?
50%
share
50%
signs
50%
small
50%
stings
50%
story's
50%
town
50%
writing
50%
everywhere
48%
great
48%
searching
48%
boarded
43%
Chandelier
43%
kill
43%
club
40%
films,
40%
flickering
40%
Quiet
40%
Chandelier's
38%
dress
30%
No matching quizzes found
Score Distribution
Percent of People with Each Score
Percentile by Number Answered
Your Score History
You have not taken this quiz since the last reset